|
|
|
|
| LEADER |
01185nam a22002657a 4500 |
| 001 |
33851 |
| 003 |
BD-DhAAL |
| 005 |
20211121161655.0 |
| 008 |
181017t nyu |||| |||| 001 0 eng d |
| 999 |
|
|
|c 40052
|d 40052
|
| 020 |
|
|
|a 9780415289771
|
| 082 |
|
|
|2 23
|a 301.243
|
| 100 |
|
|
|a Marcuse, Herbert
|9 28427
|
| 245 |
|
|
|a One-dimensional man :
|b studies in the ideology of advanced industrial society /
|c Herbert Marcuse
|
| 260 |
|
|
|a London :
|b Routledge,
|c 2002
|
| 300 |
|
|
|a xlviii, 275 pages ;
|c 20 cm.
|
| 520 |
|
|
|a One of the most important texts of modern times, Herbert Marcuse's analysis and image of a one-dimensional man in a one-dimensional society has shaped many young radical's way of seeing and experiencing life.
|
| 526 |
|
|
|a ENH
|
| 541 |
|
|
|a Karim International
|e 33851
|
| 650 |
|
|
|a Social sciences
|x Philosophy.
|9 28428
|
| 650 |
|
|
|a Civilization, Modern
|9 28429
|
| 650 |
|
|
|a English language.
|9 42962
|
| 852 |
|
|
|a Ayesha Abed Library
|c General Stacks
|
| 942 |
|
|
|2 ddc
|c BK
|
| 952 |
|
|
|0 0
|1 0
|2 ddc
|4 0
|6 301_243000000000000_MAR
|7 0
|9 64456
|a BRACUL
|b BRACUL
|c GEN
|d 2018-10-15
|e Karim International
|g 2176.00
|l 2
|m 5
|o 301.243 MAR
|p 3010033851
|r 2025-09-23
|s 2025-02-20
|t 1
|v 2176.00
|w 2018-10-15
|y BK
|